| 000 | 00481nam a2200181 4500 | ||
|---|---|---|---|
| 999 |
_c11816 _d11816 |
||
| 003 | OSt | ||
| 005 | 20230130144617.0 | ||
| 008 | 230130b ||||| |||| 00| 0 eng d | ||
| 022 | _297881896395 | ||
| 040 | _cBusiness Manager | ||
| 082 | _2658 | ||
| 245 |
_aBusiness Manager _bMaking HR People Complete |
||
| 260 |
_aAllahabad _bLaw Publishing House |
||
| 310 | _aMonthly | ||
| 650 | _2Management | ||
| 856 | _uhttps://www.businessmanager.in/past-issues/ | ||
| 942 |
_2ddc _cPED _s1 |
||